Statistiken für Geboren in Essen

Klicken Sie hier um das Quiz zu spielen!

Allgemein

  • Dieses Quiz wurde 75 mal gespielt
    (45 seit der letzten Aktualisierung)
  • Das Durchschnittsergebnis liegt bei 8 aus 21

Antwortstatistiken

HinweisAntwort% Korrekt
Fußballer und Siegtorschütze beim Wunder von Bern 19541929Helmut Rahn
84%
Industrieller, baute die Firma seines Vaters zum größten Stahlkonzerns Europas aus1812Alfred Krupp
81%
Gründer des Stahlkonzerns Krupp1787Friedrich Krupp
73%
Gründer von Aldi Süd, bis zu seinem Tod der reichste Deutsche1920Karl Albrecht
70%
Gründer von Aldi Nord und Trader Joe's1922Theo Albrecht
68%
Schauspieler, "Die Feuerzangenbowle" "Der Hauptmann von Köpenick"1902Heinz Rühmann
62%
Fußballtrainer (Werder Bremen, Bayern München) und Europameister mit Griechenland 20041938Otto Rehhagel
57%
früherer Nationaltorwart (Arsenal, Schalke und Dortmund)1969Jens Lehmann
54%
Nationalspieler, Bayern München1996Leroy Sané
35%
Schauspieler, "Der Bulle"1972Henning Baum
32%
Schauspielerin, Helga Beimer in "Lindenstraße"1940Marie-Luise Marjan
27%
früherer Fußballstürmer, (1860 München, Augsburg, Rot-Weiß Essen)1985Sascha Mölders
27%
CDU-Politiker und Oberbürgermeister von Essen1973Thomas Kufen
24%
Fußballer, (Rot-Weiß Essen, Borussia Dortmund, Borussia Mönchengladbach)1958Frank Mill
22%
Beachvolleyballspielerin, Olympiasiegerin und Weltmeisterin1990Kira Walkenhorst
22%
Politiker und Parteivorsitzender der AfD1961Jörg Meuthen
14%
Fußballer, (Rot-Weiß Essen, Borussia Dortmund)1949Manfred Burgsmüller
8%
Nationalspielerin, 1.FC Köln1988Mandy Islacker
3%
deutsch-schwedischer Schauspieler, "Der Untergang" "Dark"1942Dietrich Hollinderbäumer
0%
deutsch-brasilianischer Unternehmer, Gründer eines der größten Schmuckunternehmen der Welt1922Hans Stern
0%
Nationalspielerin, VfL Wolfsburg1991Turid Knaak
0%

Verteilung der Resultate

Perzentil nach korrekt beantworteten Fragen

Anzahl Personen mit jedem Resultat

Ihre Resultats-Entwicklung

Sie haben dieses Quiz seit der letzten Aktualisierung nicht gespielt